Les 20 villes les plus peuplées du Nord-Pas-de-Calais de 1806 à 2023 - Statistiques

Statistiques générales
  • Ce quiz a été pris 120 fois
  • Le résultat moyen est 112 sur 160
Statistiques - réponses
Hint Réponse % Correct
1911 Lens 31 812
95%
1936 Lens 33 360
95%
1968 Lens 41 874
95%
1999 Lens 36 206
95%
2023 Lens 32 920
95%
1806 Lille 61 467
94%
1846 Lille 75 430
94%
1876 Lille 169 686
94%
1911 Lille 240 799
94%
1936 Lille 240 747
94%
1968 Lille 238 554
94%
1999 Lille 212 597
94%
2023 Lille 238 246
94%
1846 Wazemmes* 10 483
94%
1806 Calais 8 102
93%
1846 Calais 11 444
93%
1876 Calais 12 573
93%
1911 Calais 72 322
93%
1936 Calais 67 568
93%
1968 Calais 74 624
93%
1999 Calais 77 333
93%
2023 Calais 67 571
93%
1846 Saint-Pierre-les-Calais* 11 106
93%
1876 Saint-Pierre-les-Calais* 30 937
93%
1806 Dunkerque 24 175
91%
1846 Dunkerque 27 355
91%
1876 Dunkerque 45 853
91%
1911 Dunkerque 76 228
91%
1936 Dunkerque 80 888
91%
1968 Dunkerque 96 888
91%
1999 Dunkerque 97 957
91%
2023 Dunkerque 86 263
91%
1806 Arras 19 286
89%
1846 Arras 26 956
89%
1876 Arras 26 764
89%
1911 Arras 26 080
89%
1936 Arras 31 876
89%
1968 Arras 49 180
89%
1999 Arras 40 590
89%
2023 Arras 42 875
89%
1806 Valenciennes 19 016
87%
1846 Valenciennes 22 040
87%
1876 Valenciennes 26 083
87%
1911 Valenciennes 34 766
87%
1936 Valenciennes 42 564
87%
1968 Valenciennes 46 626
87%
1999 Valenciennes 41 278
87%
2023 Valenciennes 43 468
87%
1806 Roubaix 8 724
86%
1846 Roubaix 31 039
86%
1876 Roubaix 83 661
86%
1911 Roubaix 122 723
86%
1936 Roubaix 107 105
86%
1968 Roubaix 114 547
86%
1999 Roubaix 96 984
86%
2023 Roubaix 98 286
86%
1806 Boulogne-sur-Mer 13 257
82%
1846 Boulogne-sur-Mer 30 994
82%
1876 Boulogne-sur-Mer 40 075
82%
1911 Boulogne-sur-Mer 53 128
82%
1936 Boulogne-sur-Mer 52 383
82%
1968 Boulogne-sur-Mer 49 288
82%
1999 Boulogne-sur-Mer 44 859
82%
2023 Boulogne-sur-Mer 40 539
82%
1806 Tourcoing 11 999
82%
1846 Tourcoing 26 834
82%
1876 Tourcoing 48 634
82%
1911 Tourcoing 82 644
82%
1936 Tourcoing 78 393
82%
1968 Tourcoing 98 755
82%
1999 Tourcoing 93 540
82%
2023 Tourcoing 98 772
82%
1806 Douai 18 461
78%
1846 Douai 20 483
78%
1876 Douai 26 999
78%
1911 Douai 36 314
78%
1936 Douai 42 021
78%
1968 Douai 49 187
78%
1999 Douai 42 796
78%
2023 Douai 40 250
78%
1999 Villeneuve-d'Ascq 65 042
78%
2023 Villeneuve-d'Ascq 62 868
78%
1806 Béthune 6 379
75%
1846 Béthune 7 727
75%
1968 Béthune 27 154
75%
1999 Béthune 25 971
75%
2023 Béthune 25 224
75%
1806 Cambrai 15 608
69%
1846 Cambrai 20 648
69%
1876 Cambrai 22 188
69%
1911 Cambrai 28 190
69%
1936 Cambrai 29 755
69%
1968 Cambrai 37 584
69%
1999 Cambrai 33 738
69%
2023 Cambrai 31 134
69%
1806 Saint-Omer 20 362
66%
1846 Saint-Omer 21 078
66%
1876 Saint-Omer 21 855
66%
1911 Saint-Omer 20 469
66%
1911 Hénin-Beaumont 18 919
65%
1936 Hénin-Beaumont 23 096
65%
1968 Hénin-Beaumont 26 892
65%
1999 Hénin-Beaumont 25 178
65%
2023 Hénin-Beaumont 25 688
65%
1876 Maubeuge 14 398
65%
1911 Maubeuge 23 209
65%
1936 Maubeuge 23 630
65%
1968 Maubeuge 32 028
65%
1999 Maubeuge 33 546
65%
2023 Maubeuge 28 767
65%
1911 Liévin 25 698
62%
1936 Liévin 25 127
62%
1968 Liévin 35 853
62%
1999 Liévin 33 427
62%
2023 Liévin 30 063
62%
1806 Armentières 7 542
53%
1876 Armentières 21 746
53%
1911 Armentières 28 625
53%
1936 Armentières 24 049
53%
1968 Armentières 26 916
53%
1999 Armentières 25 273
53%
2023 Armentières 26 998
53%
1936 Marcq-en-Barœul 21 322
53%
1968 Marcq-en-Barœul 35 136
53%
1999 Marcq-en-Barœul 37 177
53%
2023 Marcq-en-Barœul 40 184
53%
1806 Hazebrouck 7 354
52%
1846 Hazebrouck 7 570
52%
1846 Wattrelos 8 736
52%
1876 Wattrelos 15 325
52%
1911 Wattrelos 29 089
52%
1936 Wattrelos 31 084
52%
1968 Wattrelos 43 754
52%
1999 Wattrelos 42 753
52%
2023 Wattrelos 40 847
52%
1911 Bruay-la-Buissière 19 968
42%
1936 Bruay-la-Buissière 32 205
42%
1968 Bruay-la-Buissière 32 341
42%
1911 Croix 17 596
41%
1876 Denain 14 419
39%
1911 Denain 26 800
39%
1936 Denain 26 478
39%
1968 Denain 27 973
39%
1999 Lambersart 28 131
35%
2023 Lambersart 27 090
35%
1806 Saint-Amand-les-Eaux 8 178
34%
1846 Saint-Amand-les-Eaux 9 453
34%
1876 Saint-Amand-les-Eaux 10 716
34%
1936 La Madeleine 21 489
31%
1806 Bailleul 9 222
28%
1846 Bailleul 10 141
28%
1876 Bailleul 12 968
28%
1876 Fourmies 11 888
24%
1876 Halluin 13 771
24%
1806 Aire-sur-la-Lys 8 408
23%
1846 Aire-sur-la-Lys 8 529
23%
1806 Bergues 5 667
22%
1846 Le Cateau-Cambrésis 7 686
13%
1806 Condé-sur-l'Escaut 6 679
9%
1806 Estaires 5 913
2%
Aucun quiz correspondant
Distribution des résultats
% des personnes avec chaque résultat
Percentile par nombre de réponses
Votre historique - résultats
Vous n’avez pas pris ce quiz